The 1975 - When We Are Together (Lyrics) - Statistics

General Stats
  • This quiz has been taken 208 times
  • The average score is 181 of 217
Answer Stats
Answer % Correct
a
99%
"I
99%
I
99%
We
98%
we
98%
when
98%
to
97%
the
96%
The
96%
you
95%
It
95%
it
95%
You
95%
you
95%
are
94%
some
94%
together
94%
get
93%
is
93%
my
93%
that
93%
in
92%
about
91%
better
90%
makes
90%
something
90%
cows,
89%
only
89%
She
89%
sweater
89%
time
89%
weather
89%
ask
88%
It's
88%
its
88%
feel
87%
said,
87%
was
87%
wearing
87%
might
86%
down
85%
lie
84%
them
84%
with
83%
department
82%
for
82%
toy
82%
Walmart
81%
me
80%
of
80%
Sea
80%
were
80%
and
79%
Christmas
79%
kiss
79%
Our
79%
our
79%
"Central
78%
first
78%
New
78%
new
78%
Park
78%
apartment
77%
I'm
77%
"I'm
77%
World
77%
York
77%
should
74%
trees"
74%
like
73%
you're
73%
leave"
72%
more
72%
racist
72%
both
71%
fancy,
71%
take
71%
day
70%
got
70%
kind
70%
out
70%
searching
70%
socks
70%
into
69%
sandals,
69%
candles
68%
poorly
68%
scented
68%
she's
67%
handled
66%
smell
65%
Because
64%
slag
64%
never
62%
canceled
61%
I'll
59%
at
58%
But
56%
gaslighting
56%
just
56%
seems
55%
know
54%
still
54%
thought
53%
didn't
52%
fighting
52%
had
52%
way
52%
truth
51%
biting
49%
own
49%
word
49%
bag
48%
writing"
48%
egos
46%
absurd
38%
No matching quizzes found
Score Distribution
Percent of People with Each Score
Percentile by Number Answered
Your Score History
You have not taken this quiz